Apfelsorten - Statistiken

Allgemein
  • Dieses Quiz wurde 64 mal gespielt
  • Das Durchschnittsergebnis liegt bei 7 aus 14
Antwortstatistiken
Hinweis Apfelsorte % Korrekt
Schwarz-weißer Rabenvogel, bei dem das zweite E durch ein A ersetzt wurde Elstar
73%
US-Raumfahrtmissionen, Nr. 11 landete erstmals auf dem Mond Apollo
69%
höchster Berg Japans Fuji
65%
Auch ein Cocktail, ein Kartenspiel, ein Musical oder eine Dame, die sich gern in grellem Rosa kleidet Pink Lady
60%
amerikanische Schauspielerfamilie (Alec, Stephen, William) Baldwin
54%
Vorname des Schriftstellers Swift oder des Fußballers Tah Jonathan
52%
deutsche Zeitschrift, deren Hauptkonkurrentin die Bunte ist Gala
50%
traditionsreiche Zigarettenmarke und Vorname eines der bekanntesten britischen Premierminister Winston
50%
US-Jugendserie aus den 90ern: _______ Place Melrose
44%
Kurzauftritt einer berühmten Person in einem Film Cameo
42%
1976 erstmals verkaufter Kleinwagen von Ford Fiesta
42%
mit Abstand bevölkerungsreichste Provinz Kanadas Ontario
37%
Die Oma des Prinzen von Bel Air Granny Smith
29%
Erster Computer einer zum Thema passenden Firma, der nach dieser Apfelsorte benannt wurde McIntosh
13%
Keine übereinstimmenden Quizze gefunden
Verteilung der Resultate
Anzahl Personen mit jedem Resultat
Perzentil nach korrekt beantworteten Fragen
Ihre Resultats-Entwicklung
Sie haben dieses Quiz noch nicht gespielt